: ا ردو اسٹیج ڈراما (Record no. 109501)

MARC details
000 -LEADER
fixed length control field 00923nam a22002537a 4500
005 - DATE AND TIME OF LATEST TRANSACTION
control field 20170123162354.0
010 ## - LIBRARY OF CONGRESS CONTROL NUMBER
LC control number A-412073
020 ## - INTERNATIONAL STANDARD BOOK NUMBER
Terms of availability 100.00
035 ## - SYSTEM CONTROL NUMBER
System control number A-412073
037 ## - SOURCE OF ACQUISITION
Source of stock number/acquisition Cen Lib/Ret
040 ## - CATALOGING SOURCE
Original cataloging agency DPL
Language of cataloging UR
082 ## - DEWEY DECIMAL CLASSIFICATION NUMBER
Classification number 842
Item number ا ے ب
100 ## - MAIN ENTRY--PERSONAL NAME
Personal name اشرف، اے. بی
9 (RLIN) 831
245 ## - TITLE STATEMENT
Title : ا ردو اسٹیج ڈراما
Statement of responsibility, etc اے. بی اشرف
Remainder of title / رادھا کنہیا سے انارکلی تک اردو ڈرامے کی مکممل تاریخ
246 ## - VARYING FORM OF TITLE
Title proper/short title Urdu stage drama: Radha kanhaiya se Anarkali tak urdu stage drame ki mukammal tarikh /
Remainder of title by A. B. Ashraf
260 ## - PUBLICATION, DISTRIBUTION, ETC. (IMPRINT)
Place of publication, distribution, etc دہلی
Name of publisher, distributor, etc شان ھند
Date of publication, distribution, etc 1990
270 ## - ADDRESS
City دہلی
Address حوض قاضی
300 ## - PHYSICAL DESCRIPTION
Extent 230p.
Dimensions 19cm(Hb)
650 ## - SUBJECT ADDED ENTRY--TOPICAL TERM
Topical term or geographic name as entry element اردوادب
9 (RLIN) 138384
650 ## - SUBJECT ADDED ENTRY--TOPICAL TERM
Topical term or geographic name as entry element اردو ڈرامے
9 (RLIN) 138385
650 ## - SUBJECT ADDED ENTRY--TOPICAL TERM
Topical term or geographic name as entry element Urdu literature
9 (RLIN) 138386
650 ## - SUBJECT ADDED ENTRY--TOPICAL TERM
Topical term or geographic name as entry element Urdu drama
9 (RLIN) 138387
942 ## - ADDED ENTRY ELEMENTS (KOHA)
Source of classification or shelving scheme Dewey Decimal Classification
Koha item type Urdu Bks
Classification part 842
Call number suffix ا ے ب
Holdings
Withdrawn status Lost status Damaged status Not for loan Home library Current library Date acquired Source of acquisition Cost, normal purchase price Total Checkouts Full call number Barcode Date last seen Date checked out Copy number Cost, replacement price Price effective from Koha item type
        Central Library Central Library 16/03/2016 Cen Lib/Ref 100.00 1 842 ا ے ب A-412073 07/09/2022 24/08/2022 1 100.00 16/03/2016 Urdu Bks

© Delhi Public Library
Hit Counter
free hit counter